Name the Cheese! - Statistics

General Stats
  • This quiz has been taken 42 times
  • The average score is 7 of 16
Answer Stats
Picture Answer % Correct
Brie
97%
Cheddar
87%
Feta
71%
Gouda
68%
Parmesan
68%
Cottage Cheese
42%
Burrata
39%
Gorgonzola
35%
Gruyere
35%
Mozarella
35%
Ricotta
32%
Manchego
29%
Roquefort
26%
Comté
13%
Brown Cheese
6%
Chevre
6%
No matching quizzes found
Score Distribution
Percent of People with Each Score
Percentile by Number Answered
Your Score History
You have not taken this quiz